000 00869nam a2200265Ia 4500
003 OSt
005 20220918170915.0
006 a|||||r|||| 00| 0
007 ta
008 220917b |||||||| |||| 00| 0 eng d
020 _a9780813060651 (hbk)
_c5017.89
024 _a290,036
037 _b116, 19/03/2016, Mallika Books
_cTextual
040 _aARTS
_cARTS
_beng
041 _2eng
_aeng
082 _aO111,1M82:g(S:43), Q5
100 _aGillespie Michael Patrick
_923133
245 0 _aJames Joyce and the exilic imagination
260 _aGainesville
_bUniversity Press of Florida U.S.A.
_c2015
300 _axi, 176p.
_ccm.
490 _aThe florida James Joyes series
650 _aENGLISH LITERATURE
942 _hO111,1M82:g(S:43), Q5
_cTEXL
_2CC
999 _c136602
_d136602